| 000 | 00655nam a2200217Ii 4500 | ||
|---|---|---|---|
| 003 | JO-AjNU | ||
| 008 | 230606s9999||||xx |||||||||||||| ||und|| | ||
| 020 | _a0-13-317868-4 | ||
| 040 |
_aJO-AjNU _beng _erda _cJO-AjNU |
||
| 041 | _aeng | ||
| 050 | 1 | 4 | _aHF5635 .F53 1994 |
| 100 | 3 |
_aArnold,John / Hope, Tony /Southworth, Alan / Kirkham,Linda, _eauthor _93281 |
|
| 245 | 0 | 0 | _aFinancial Accounting |
| 250 | _a2 ed | ||
| 264 | 3 | 1 | _aNew York : Prentice Hall,1994 |
| 300 |
_a577p _b Includes indexes(p567-577) |
||
| 336 |
_atext _btxt _2rdacontent |
||
| 337 |
_aunmediated _bn _2rdamedia |
||
| 338 |
_avolume _bnc _2rdacarrier |
||
| 650 | 4 |
_aAccounting _93282 |
|
| 999 |
_aE1716 _c1716 _d1716 |
||